[Event "C.to Provinciale MB"]
[Site "Ceriano Laghetto ITA"]
[Date "2010.02.??"]
[Round "6"]
[White "Regorda, Vittorio"]
[Black "Conta, Diego"]
[Result "1-0"]
[WhiteElo "1865"]
[BlackElo "1763"]
[PlyCount "107"]
[EventDate "2010.02.02"]

1. d4 d5 2. Nf3 Nf6 3. c4 e6 4. g3 c6 5. Bg2 dxc4 6. O-O b5 7. Ne5 Bb7 8. Nc3
Nd5 9. Ne4 Nd7 10. Ng5 Nxe5 11. dxe5 h6 12. Ne4 Qc7 13. Nd6+ Bxd6 14. exd6 Qxd6
15. e4 O-O-O 16. exd5 cxd5 17. Qd4 e5 18. Qxa7 f5 19. f4 e4 20. Qd4 Rd7 21. Be3
b4 22. Bh3 Rf8 23. Qc5+ Qxc5 24. Bxc5 Rff7 25. Bd4 g6 26. a3 b3 27. Rfe1 Bc6
28. a4 Kb7 29. a5 Ka6 30. Ra3 h5 31. Bf1 Rf8 32. Rxb3 Rb7 33. Rb6+ Rxb6 34.
axb6 Kb7 35. Ra1 Ra8 36. Rxa8 Kxa8 37. Kf2 Kb7 38. Be2 Kc8 39. h3 Bb7 40. g4
hxg4 41. hxg4 Kd7 42. gxf5 gxf5 43. Ke3 Kd6 44. Bd1 Ke7 45. Be5 Ke6 46. Kd4 Ke7
47. Bh5 Ke6 48. Bg6 Bc6 49. Bh7 Bb7 50. Bg8+ Kd7 51. Bxd5 Bxd5 52. Kxd5 e3 53.
Bc3 e2 54. Kc5 1-0

[Event "C.to Provinciale MB"]
[Site "Ceriano Laghetto ITA"]
[Date "2010.02.??"]
[Round "6"]
[White "Ronconi, Fausto"]
[Black "Pandini, Giuseppe"]
[Result "1-0"]
[WhiteElo "1780"]
[BlackElo "1702"]
[PlyCount "107"]
[EventDate "2010.02.02"]

1. c4 b6 2. Nc3 e6 3. d4 Bb7 4. Bf4 Be7 5. e4 d6 6. Nf3 Nd7 7. Be2 Ngf6 8. O-O
O-O 9. e5 dxe5 10. Nxe5 Nxe5 11. Bxe5 Nd7 12. Bf3 Bxf3 13. Qxf3 Nxe5 14. dxe5
Qd4 15. Qe2 Rfd8 16. Rad1 Qf4 17. g3 Qf5 18. Nb5 c6 19. Nd4 Qg5 20. Nxc6 Rxd1
21. Nxe7+ Qxe7 22. Rxd1 Rd8 23. Rxd8+ Qxd8 24. b4 h6 25. Qe3 g5 26. f4 Qd1+ 27.
Kf2 Qc2+ 28. Qe2 Qf5 29. Qd2 g4 30. c5 bxc5 31. bxc5 Qe4 32. Qe2 Qd4+ 33. Kf1
Qxc5 34. Qxg4+ Kh7 35. Qe2 Qc1+ 36. Kg2 Qc6+ 37. Kh3 Qd7 38. Qc2+ Kg7 39. a4
Qb7 40. f5 Qa6 41. f6+ Kf8 42. Qe4 Ke8 43. Kh4 Kd7 44. Kh5 Qf1 45. Qb7+ Kd8 46.
Qb8+ Kd7 47. Qb5+ Qxb5 48. axb5 Kc7 49. Kxh6 Kb6 50. Kg7 Kxb5 51. Kxf7 a5 52.
Kxe6 a4 53. f7 a3 54. f8=Q 1-0

[Event "C.to Provinciale MB"]
[Site "Ceriano Laghetto ITA"]
[Date "2010.02.??"]
[Round "6"]
[White "Santarelli, Sabatino"]
[Black "Viale, Fabio"]
[Result "1/2-1/2"]
[WhiteElo "1658"]
[BlackElo "1856"]
[PlyCount "90"]
[EventDate "2010.02.02"]

1. Nf3 Nf6 2. g3 d5 3. d4 Bf5 4. Bg2 e6 5. O-O Be7 6. Nc3 h6 7. a3 a5 8. Ne5
Nbd7 9. f4 c5 10. e3 O-O 11. Kh1 Rb8 12. a4 Qb6 13. g4 Bh7 14. g5 hxg5 15. fxg5
Nxe5 16. gxf6 Bxf6 17. dxe5 Bxe5 18. Nb5 Rbd8 19. c3 c4 20. Qh5 f6 21. Bd2 Bf5
22. Rxf5 exf5 23. Qxf5 Rfe8 24. Bf3 Bb8 25. Rg1 Re5 26. Qg6 Rd7 27. h4 Qd8 28.
Nd4 Qe8 29. Qg4 g5 30. h5 Rh7 31. Re1 Ba7 32. Nb5 Bb8 33. Kg2 Rg7 34. Nd4 Qd7
35. Qxd7 Rxd7 36. Bg4 Rh7 37. Rf1 Kf7 38. Rf3 Bd6 39. Rh3 Bc5 40. Nf5 Rh8 41.
Kf2 Re4 42. Rg3 Rd8 43. Bf3 Ree8 44. Nd4 Bxd4 45. exd4 Rg8 1/2-1/2

[Event "C.to Provinciale MB"]
[Site "Ceriano Laghetto ITA"]
[Date "2010.02.??"]
[Round "6"]
[White "Squillante, Michele"]
[Black "Monticelli, Francesco"]
[Result "1/2-1/2"]
[WhiteElo "1842"]
[BlackElo "1536"]
[PlyCount "78"]
[EventDate "2010.02.02"]

1. d4 Nf6 2. Nf3 d5 3. Bg5 e6 4. Nbd2 Nbd7 5. e3 a6 6. Bd3 c5 7. c3 c4 8. Bc2
b5 9. a3 Qc7 10. O-O Bd6 11. Re1 O-O 12. e4 dxe4 13. Nxe4 Nxe4 14. Bxe4 Bb7 15.
Bxb7 Qxb7 16. Bh4 Rfe8 17. Qc2 Be7 18. Bxe7 Rxe7 19. Ng5 Nf6 20. Re3 h6 21. Ne4
Nxe4 22. Rxe4 Rd8 23. Rae1 Rd5 24. Re5 Rxe5 25. Rxe5 f6 26. Re3 Qd5 27. Qe2 Qf5
28. g3 Qd5 29. f4 Kf7 30. Qg2 Qxg2+ 31. Kxg2 Rd7 32. Kf3 f5 33. h4 g6 34. Re5
Rd5 35. g4 Kf6 36. g5+ hxg5 37. hxg5+ Kf7 38. Re1 a5 39. Rb1 a4 1/2-1/2

[Event "C.to Provinciale MB"]
[Site "Ceriano Laghetto ITA"]
[Date "2010.02.??"]
[Round "6"]
[White "Veronelli, Franco"]
[Black "Dimo, Maurizio"]
[Result "1-0"]
[WhiteElo "1819"]
[BlackElo "1514"]
[PlyCount "81"]
[EventDate "2010.02.02"]

1. e4 e5 2. Nf3 Nc6 3. d4 f6 4. Bc4 Bb4+ 5. c3 Ba5 6. Qb3 Nh6 7. Bxh6 gxh6 8.
Bf7+ Kf8 9. Bh5 Qe7 10. d5 Nd8 11. Nbd2 Qg7 12. Qa3+ Kg8 13. Qxa5 b6 14. Qa4 d6
15. Qe8+ Qf8 16. Qxf8+ Kxf8 17. h3 Rg8 18. Bg4 Ba6 19. Nh4 Nf7 20. Be6 Rg5 21.
Ndf3 Rg7 22. g3 Ng5 23. Nxg5 hxg5 24. Nf5 Rg6 25. Kd2 Bb7 26. h4 g4 27. h5 Rg5
28. Rh4 Rd8 29. h6 c6 30. c4 a6 31. Ne3 b5 32. b3 cxd5 33. cxd5 Bc8 34. Bxc8
Rxc8 35. Rah1 Kf7 36. Rxg4 Rxg4 37. Nxg4 Rc5 38. Ne3 b4 39. Rc1 Ra5 40. Rc2 Kg6
41. Nf5 1-0

[Event "C.to Provinciale AT"]
[Site "Asti ITA"]
[Date "2010.03.09"]
[Round "6"]
[White "Forno, Roberto"]
[Black "Venturino, Marco"]
[Result "0-1"]
[WhiteElo "1951"]
[BlackElo "2139"]
[PlyCount "62"]
[EventDate "2010.02.16"]

1. d4 d5 2. c4 e6 3. Nf3 c5 4. e3 Nc6 5. Nc3 Nf6 6. cxd5 exd5 7. Bb5 Bd6 8. O-O
O-O 9. a3 cxd4 10. exd4 h6 11. Re1 Bg4 12. Be3 Rc8 13. h3 Be6 14. Rc1 Qb6 15.
b4 Nxb4 16. Qd2 Rxc3 17. Bxh6 Rxc1 18. Rxc1 Ne4 19. Qe2 gxh6 20. axb4 Bf4 21.
Rc2 Bf5 22. Bd3 Qxb4 23. g3 Bb8 24. Kg2 Qd6 25. g4 Bh7 26. Ne5 f6 27. Nf3 Ng5
28. Bxh7+ Kxh7 29. Qd3+ Kg7 30. Nh4 Qh2+ 31. Kf1 Qh1+ 0-1

[Event "XII C.to Europeo a squadre Seniores"]
[Site "Dresda GER"]
[Date "2010.02.10"]
[Round "1.1"]
[White "Taksrud, Vidar"]
[Black "Tatai, Stefano"]
[Result "0-1"]
[WhiteElo "2109"]
[BlackElo "2348"]
[Annotator "ITA-NOR2"]
[PlyCount "104"]
[EventDate "2010.02.10"]

1. d4 Nf6 2. Nf3 e6 3. c4 d5 4. Nc3 Bb4 5. Bg5 Nbd7 6. e3 c5 7. cxd5 exd5 8. a3
Bxc3+ 9. bxc3 Qa5 10. Bxf6 Qxc3+ 11. Nd2 Nxf6 12. Bb5+ Bd7 13. Rc1 Qxa3 14.
Rxc5 Bxb5 15. Rxb5 b6 16. O-O O-O 17. Nb1 Qd6 18. Qb3 Rfb8 19. Nc3 a6 20. Rb4
b5 21. Ra1 Rc8 22. Ne2 Rab8 23. Nf4 Rc4 24. Nd3 Ng4 25. g3 Qh6 26. h4 Nxe3 27.
Ne5 Rxb4 28. Qxb4 Nc2 29. Qe7 Qe6 30. Qa7 Qe8 31. Rxa6 b4 32. Qc5 b3 33. Nd3 b2
34. Nxb2 Rxb2 35. Qc3 Rb1+ 36. Kh2 Ne1 37. Rd6 h6 38. Rxd5 Qe4 39. Qc8+ Kh7 40.
Qf5+ Qxf5 41. Rxf5 Kg6 42. g4 f6 43. Kg3 Rb3+ 44. f3 Rd3 45. h5+ Kf7 46. Rd5
Rxf3+ 47. Kh2 Rd3 48. Rd7+ Kf8 49. d5 Nf3+ 50. Kg2 Ne5 51. Rd8+ Ke7 52. Rg8 Kf7
0-1

[Event "XII C.to Europeo a squadre Seniores"]
[Site "Dresda GER"]
[Date "2010.02.10"]
[Round "1.2"]
[White "Micheli, Carlo"]
[Black "Steedman, James"]
[Result "1-0"]
[WhiteElo "2293"]
[BlackElo "2141"]
[Annotator "ITA-NOR2"]
[PlyCount "59"]
[EventDate "2010.02.10"]

1. c4 e5 2. g3 d5 3. cxd5 Qxd5 4. Nf3 e4 5. Nc3 Qh5 6. Nxe4 Be7 7. d4 Nf6 8.
Nxf6+ Bxf6 9. Bg2 Bh3 10. O-O Nd7 11. e4 Bxg2 12. Kxg2 O-O 13. Bf4 Rac8 14. Rc1
c6 15. Re1 Rfd8 16. Qb3 g5 17. e5 gxf4 18. exf6 Qd5 19. Re7 Qxb3 20. axb3 b6
21. Ne5 Nxf6 22. Rxf7 Rd6 23. gxf4 a5 24. Rg1 Kh8 25. Kf3 Rg8 26. Rg5 Nd5 27.
Rh5 h6 28. f5 Rg7 29. Rf8+ Kh7 30. Nf7 1-0

[Event "XII C.to Europeo a squadre Seniores"]
[Site "Dresda GER"]
[Date "2010.02.10"]
[Round "1.3"]
[White "Kverndal, Leif"]
[Black "Rosino, Antonio"]
[Result "0-1"]
[WhiteElo "1974"]
[BlackElo "2245"]
[Annotator "ITA-NOR2"]
[PlyCount "90"]
[EventDate "2010.02.10"]

1. d4 Nf6 2. Nf3 g6 3. g3 Bg7 4. Bg2 O-O 5. O-O d5 6. c4 dxc4 7. Ne5 c6 8. Nxc4
Be6 9. Ne5 Nbd7 10. Nxd7 Qxd7 11. Nc3 Rad8 12. e4 Qxd4 13. Qxd4 Rxd4 14. Be3
Rd3 15. Bxa7 Nd7 16. Be3 Ra8 17. Rfd1 Rxd1+ 18. Rxd1 Bxc3 19. bxc3 Rxa2 20. Bf1
b5 21. f4 Ra3 22. Rc1 b4 23. Bd2 b3 24. Rb1 Nc5 25. c4 Nxe4 26. Bb4 Ra2 27.
Rxb3 Ra1 28. Re3 f5 29. Re1 Ra4 30. Bxe7 Bxc4 31. Bxc4+ Rxc4 32. Ba3 Rc2 33.
Rc1 Rxc1+ 34. Bxc1 Kf7 35. Kg2 Ke6 36. Kf3 Kd5 37. g4 Kd4 38. gxf5 gxf5 39.
Be3+ Kd3 40. Ba7 c5 41. Bb8 c4 42. Be5 c3 43. Kg2 c2 44. Bb2 Kd2 45. Kh3 Nd6
0-1

[Event "XII C.to Europeo a squadre Seniores"]
[Site "Dresda GER"]
[Date "2010.02.10"]
[Round "1.4"]
[White "Laco, Giuseppe"]
[Black "Strand, Oyvin"]
[Result "1-0"]
[WhiteElo "2080"]
[BlackElo "1965"]
[Annotator "ITA-NOR2"]
[PlyCount "93"]
[EventDate "2010.02.10"]

1. c4 e5 2. Nc3 d6 3. g3 Be6 4. Bg2 Nc6 5. b3 Nf6 6. Bb2 Qd7 7. e4 Nd4 8. Nce2
c5 9. Nxd4 exd4 10. h3 g5 11. f4 gxf4 12. gxf4 Qe7 13. Qe2 Rg8 14. Bf3 O-O-O
15. O-O-O Bh6 16. e5 Ne8 17. exd6 Nxd6 18. Qe5 b6 19. Re1 Qc7 20. Ne2 Nf5 21.
Qe4 Ng3 22. Nxg3 Rxg3 23. f5 Bd7 24. f6 Rxh3 25. Rxh3 Bxh3 26. Qa8+ Qb8 27.
Qxb8+ Kxb8 28. Rh1 Bxd2+ 29. Kxd2 Bf5 30. Bd5 Bg6 31. b4 Rd6 32. Rf1 Kc7 33.
Ba3 cxb4 34. Bxb4 Rd7 35. Rf4 d3 36. a4 h5 37. Be7 a6 38. Bf3 Kb8 39. Rh4 Kc8
40. Bd1 Kc7 41. a5 b5 42. Bb3 Kc6 43. c5 Kc7 44. Rf4 Kc6 45. Bd1 Kc7 46. Bf3
Kb8 47. c6 1-0

[Event "XII C.to Europeo a squadre Seniores"]
[Site "Dresda GER"]
[Date "2010.02.11"]
[Round "2.1"]
[White "Tatai, Stefano"]
[Black "Bennett, Patrick"]
[Result "1-0"]
[WhiteElo "2348"]
[BlackElo "2087"]
[Annotator "ITA-WLS"]
[PlyCount "111"]
[EventDate "2010.02.10"]

1. d4 g6 2. e4 Bg7 3. c3 d6 4. Nf3 a6 5. Bd3 Nd7 6. O-O e5 7. Re1 Ne7 8. b3 O-O
9. Bb2 b6 10. Nbd2 Bb7 11. a4 Nc6 12. Qb1 Qf6 13. Nc4 Rfe8 14. a5 b5 15. Ne3
exd4 16. Nd5 Qd8 17. cxd4 Nf6 18. Nxf6+ Bxf6 19. Bc3 Ne7 20. Qb2 Bg7 21. b4 Qd7
22. Rad1 Rad8 23. h3 d5 24. e5 Nc6 25. Nh2 f6 26. f4 f5 27. Re2 Qe7 28. Nf3 Bf8
29. Rb1 Qg7 30. Rc2 Rc8 31. Be1 Nd8 32. Bh4 Be7 33. Bxe7 Rxe7 34. Rf2 Ne6 35.
Ng5 Nxg5 36. fxg5 Rf8 37. Rbf1 Rff7 38. Qd2 Qf8 39. Be2 Bc8 40. Rf3 Bb7 41.
R1f2 Qc8 42. g4 Qf8 43. gxf5 Rxf5 44. Rxf5 gxf5 45. Bf3 Rg7 46. Bg2 c6 47. h4
Bc8 48. Kf1 h6 49. gxh6 Rg6 50. h5 Rxh6 51. Bf3 f4 52. Bd1 Bh3+ 53. Ke1 Rh7 54.
Rxf4 Qe7 55. Rf6 Rg7 56. Bf3 1-0

[Event "XII C.to Europeo a squadre Seniores"]
[Site "Dresda GER"]
[Date "2010.02.11"]
[Round "2.3"]
[White "Rosino, Antonio"]
[Black "Taylor, Robert Graham"]
[Result "1-0"]
[WhiteElo "2245"]
[BlackElo "2027"]
[Annotator "ITA-WLS"]
[PlyCount "111"]
[EventDate "2010.02.10"]

1. e4 c5 2. c3 d5 3. exd5 Qxd5 4. d4 e6 5. Nf3 Nf6 6. Na3 Be7 7. Be2 O-O 8. Nb5
Na6 9. O-O Qd8 10. Bf4 Nd5 11. Bg3 cxd4 12. Qxd4 Qb6 13. c4 Qxd4 14. Nfxd4 Nf6
15. Bf3 Ne8 16. Rfe1 g6 17. Rad1 Nc5 18. a3 a6 19. Nc3 Bf6 20. b4 Nd7 21. Ne4
Bg7 22. Nd6 Nxd6 23. Bxd6 Re8 24. c5 Bf8 25. Bc7 Ra7 26. Bg3 e5 27. c6 bxc6 28.
Nxc6 Rc7 29. Nxe5 Nxe5 30. Rxe5 Rxe5 31. Bxe5 Rc2 32. Bf6 Be6 33. h3 Rc8 34.
Bb7 Rb8 35. Bxa6 Rb6 36. b5 Bb3 37. Bd8 Rxb5 38. Bxb5 Bxd1 39. a4 Bb3 40. Bc6
Bc5 41. a5 Bc4 42. Bb7 Kf8 43. a6 Ke8 44. Bg5 Kd7 45. Bf4 Ke8 46. g3 Bb5 47.
Kg2 Be2 48. g4 f6 49. Kg3 g5 50. Bd2 h5 51. f3 h4+ 52. Kg2 Bb5 53. f4 gxf4 54.
Bxf4 Be2 55. Bd2 Bd3 56. Be1 1-0

[Event "XII C.to Europeo a squadre Seniores"]
[Site "Dresda GER"]
[Date "2010.02.11"]
[Round "2.4"]
[White "Van Kemenade, Rudy"]
[Black "Laco, Giuseppe"]
[Result "0-1"]
[WhiteElo "1980"]
[BlackElo "2080"]
[Annotator "ITA-WLS"]
[PlyCount "104"]
[EventDate "2010.02.10"]

1. f4 d5 2. Nf3 g6 3. g3 Bg7 4. Bg2 c6 5. O-O Qb6+ 6. d4 Nh6 7. e3 O-O 8. Qe2
Nd7 9. c4 Nf6 10. Nc3 Nf5 11. Ne5 Qa6 12. cxd5 Qxe2 13. Nxe2 cxd5 14. Nc3 Rd8
15. Bd2 Be6 16. Rac1 Nd6 17. a4 Nfe4 18. Nxe4 dxe4 19. h3 f6 20. Ng4 h5 21. Nf2
f5 22. Rc7 Bd5 23. Rc5 Nc4 24. Bc1 b6 25. Rc7 e6 26. Nd1 Bf8 27. Nc3 Bd6 28.
Nxd5 exd5 29. Rc6 Rac8 30. Rxc8 Rxc8 31. Rd1 Bb4 32. Bf1 Nd6 33. Bd2 Bxd2 34.
Rxd2 Rc1 35. Kf2 Kf7 36. Be2 Ke6 37. Bf1 Kd7 38. Be2 Kc7 39. b3 Kb7 40. Rb2 a6
41. Bf1 b5 42. axb5 axb5 43. Be2 Kb6 44. Bf1 Nb7 45. b4 Nd6 46. Ra2 Rb1 47. Ra8
Rxb4 48. Rg8 Rb2+ 49. Be2 b4 50. Rxg6 Kc6 51. Ke1 b3 52. Bxh5 Rh2 0-1

[Event "XII C.to Europeo a squadre Seniores"]
[Site "Dresda GER"]
[Date "2010.02.12"]
[Round "3.1"]
[White "Uhlmann, Wolfgang"]
[Black "Tatai, Stefano"]
[Result "1/2-1/2"]
[WhiteElo "2412"]
[BlackElo "2348"]
[Annotator "ITA-GER"]
[PlyCount "50"]
[EventDate "2010.02.10"]

1. c4 e6 2. Nc3 d5 3. d4 Nf6 4. Nf3 Nbd7 5. Bg5 Bb4 6. cxd5 exd5 7. Rc1 h6 8.
Bxf6 Bxc3+ 9. Rxc3 Nxf6 10. e3 Ne4 11. Rc1 c6 12. b4 O-O 13. Be2 Bg4 14. Ne5
Bxe2 15. Qxe2 Qd6 16. Nd3 Qg6 17. O-O Nd6 18. a4 a6 19. Nc5 Rfe8 20. Qf3 Re7
21. Rfd1 Rd8 22. h3 Qg5 23. Re1 Qg6 24. Qf4 Qg5 25. Nd3 Qxf4 1/2-1/2

[Event "XII C.to Europeo a squadre Seniores"]
[Site "Dresda GER"]
[Date "2010.02.12"]
[Round "3.2"]
[White "Micheli, Carlo"]
[Black "Hecht, Hans-Joachim"]
[Result "0-1"]
[WhiteElo "2293"]
[BlackElo "2381"]
[Annotator "ITA-GER"]
[PlyCount "54"]
[EventDate "2010.02.10"]

1. e4 e5 2. Nf3 Nc6 3. Bb5 Nf6 4. O-O Bc5 5. c3 O-O 6. d4 Bb6 7. Bg5 h6 8. Bxf6
Qxf6 9. Bxc6 Qxc6 10. Nxe5 Qxe4 11. Nd2 Qf5 12. Ndc4 d6 13. Ne3 Qf6 14. N5c4
Be6 15. a4 d5 16. Ne5 c5 17. a5 cxd4 18. cxd4 Bc7 19. f4 Rad8 20. Qf3 Bf5 21.
Nxd5 Qd6 22. Nxc7 Qxc7 23. a6 bxa6 24. Nc6 Rd6 25. Rxa6 Bc8 26. Rfa1 Bxa6 27.
Rxa6 Qb7 0-1

[Event "XII C.to Europeo a squadre Seniores"]
[Site "Dresda GER"]
[Date "2010.02.12"]
[Round "3.3"]
[White "Klundt, Klaus"]
[Black "Rosino, Antonio"]
[Result "1-0"]
[WhiteElo "2340"]
[BlackElo "2245"]
[Annotator "ITA-GER"]
[PlyCount "114"]
[EventDate "2010.02.10"]

1. e4 e5 2. Nf3 Nc6 3. Bb5 a6 4. Ba4 Nf6 5. O-O Be7 6. Re1 b5 7. Bb3 d6 8. c3
O-O 9. d4 Bg4 10. d5 Na5 11. Bc2 c6 12. h3 Bh5 13. dxc6 Qc7 14. Nbd2 Nxc6 15.
Nf1 h6 16. Ne3 Rfe8 17. Bb3 Na5 18. Nd5 Nxd5 19. Bxd5 Rac8 20. a4 Nc4 21. axb5
axb5 22. Qd3 Nb6 23. g4 Nxd5 24. Qxd5 Bg6 25. Qxb5 h5 26. Nh2 hxg4 27. hxg4 f6
28. Nf1 Rb8 29. Qd3 d5 30. Qxd5+ Bf7 31. Qd1 Red8 32. Qf3 Bc4 33. Ne3 Rd3 34.
Qf5 Bf7 35. Nd5 Qd6 36. Be3 Bxd5 37. exd5 Qxd5 38. Ra7 Rd1 39. Rxd1 Qxd1+ 40.
Kg2 Qd5+ 41. Kg3 Bf8 42. b4 Qc6 43. g5 fxg5 44. Bc5 Qf6 45. Qxf6 gxf6 46. Bxf8
Kxf8 47. Kg4 Rc8 48. b5 Ke8 49. Rh7 Rc4+ 50. Kf5 Kd8 51. b6 Rf4+ 52. Ke6 Kc8
53. Kd5 g4 54. c4 Rd4+ 55. Kc5 f5 56. Kb5 f4 57. Ka6 Rd8 1-0

[Event "XII C.to Europeo a squadre Seniores"]
[Site "Dresda GER"]
[Date "2010.02.12"]
[Round "3.4"]
[White "Laco, Giuseppe"]
[Black "Haakert, Juergen"]
[Result "0-1"]
[WhiteElo "2080"]
[BlackElo "2392"]
[Annotator "ITA-USV Dresden"]
[PlyCount "88"]
[EventDate "2010.02.10"]

1. c4 c5 2. Nc3 Nc6 3. f4 e6 4. e4 Nge7 5. Nf3 d5 6. d3 g6 7. e5 Nf5 8. g4 Nh4
9. g5 Nxf3+ 10. Qxf3 Nd4 11. Qg2 Bd7 12. cxd5 exd5 13. h4 Be6 14. h5 Qd7 15.
Be3 Nf5 16. Bf2 O-O-O 17. h6 d4 18. Ne4 Qb5 19. Bg1 Ne3 20. Bxe3 dxe3 21. Qc2
c4 22. Be2 Bb4+ 23. Kf1 Qc6 24. Rh2 cxd3 25. Qxc6+ bxc6 26. Bf3 Rd4 27. a3 Be7
28. Kg2 Rhd8 29. Kg3 Bf5 30. Nc3 Rc4 31. Nd1 Bc5 32. Bxc6 e2 33. Nc3 Be3 34.
Nd5 Bxf4+ 35. Nxf4 Rxc6 36. Nxe2 dxe2 37. Rxe2 Rd4 38. Kf2 Kd7 39. b4 Ke6 40.
Raa2 Be4 41. b5 Rc3 42. a4 Rf3+ 43. Ke1 Bd3 44. Rf2 Re4+ 0-1

[Event "XII C.to Europeo a squadre Seniores"]
[Site "Dresda GER"]
[Date "2010.02.13"]
[Round "4.1"]
[White "Tatai, Stefano"]
[Black "Schmidt, Gerhard"]
[Result "1-0"]
[WhiteElo "2348"]
[BlackElo "2241"]
[Annotator "ITA-USV Dresden"]
[PlyCount "73"]
[EventDate "2010.02.10"]

1. e4 Nf6 2. e5 Nd5 3. d4 d6 4. Nf3 Bg4 5. Be2 c6 6. c4 Nb6 7. Nbd2 dxe5 8.
Nxe5 Bxe2 9. Qxe2 N8d7 10. Ndf3 Nxe5 11. dxe5 e6 12. O-O Be7 13. b3 O-O 14. h4
Qe8 15. Bb2 f5 16. exf6 Bxf6 17. Bxf6 Rxf6 18. Ng5 Qg6 19. g3 Re8 20. Rfe1 e5
21. Ne4 Rfe6 22. Rad1 R6e7 23. Rd6 Qf5 24. Red1 Rf8 25. Rd8 h6 26. Rxf8+ Qxf8
27. Qg4 Re8 28. Rd6 Kh8 29. Kg2 Rd8 30. Qe6 Re8 31. Qg6 Nc8 32. Rd7 Ne7 33. Qh5
b5 34. Nd6 Rb8 35. Qxe5 Ng6 36. Qe6 Qf6 37. Qf7 1-0

[Event "XII C.to Europeo a squadre Seniores"]
[Site "Dresda GER"]
[Date "2010.02.13"]
[Round "4.2"]
[White "Lenk, Wolfgang"]
[Black "Micheli, Carlo"]
[Result "1-0"]
[WhiteElo "2221"]
[BlackElo "2293"]
[Annotator "ITA-USV Dresden"]
[PlyCount "75"]
[EventDate "2010.02.10"]

1. e4 c5 2. Nf3 e6 3. d4 cxd4 4. Nxd4 Qb6 5. Nb3 Qc7 6. Bd3 Nf6 7. O-O Be7 8.
Be3 d6 9. c4 b6 10. Nc3 a6 11. f4 Nbd7 12. Qe2 Bb7 13. h3 h5 14. a4 a5 15. Nb5
Qb8 16. f5 e5 17. Nd2 h4 18. Bg5 Nh5 19. Bxe7 Kxe7 20. Qg4 Nf4 21. Rxf4 exf4
22. Qxf4 Ne5 23. f6+ Kf8 24. fxg7+ Kxg7 25. Rf1 Rh6 26. Nd4 Bc8 27. Be2 Qc7 28.
Bg4 Nxg4 29. hxg4 Qe7 30. g5 Rh7 31. Nc6 Qe8 32. Qf6+ Kf8 33. Qxd6+ Kg8 34.
Ne7+ Kg7 35. g6 fxg6 36. Qf6+ Kh6 37. Rf4 Qxe7 38. Rxh4# 1-0

[Event "XII C.to Europeo a squadre Seniores"]
[Site "Dresda GER"]
[Date "2010.02.13"]
[Round "4.3"]
[White "Rosino, Antonio"]
[Black "Petzold, Hans"]
[Result "1/2-1/2"]
[WhiteElo "2245"]
[BlackElo "2152"]
[Annotator "ITA-USV Dresden"]
[PlyCount "59"]
[EventDate "2010.02.10"]

1. e4 e6 2. d4 d5 3. Nc3 Bb4 4. e5 c5 5. a3 Bxc3+ 6. bxc3 Qc7 7. Qg4 Ne7 8.
Qxg7 Rg8 9. Qxh7 cxd4 10. Ne2 Nbc6 11. f4 Bd7 12. Qd3 dxc3 13. Nxc3 a6 14. Ne2
Rc8 15. Bd2 Na5 16. Bxa5 Qxa5+ 17. Qd2 Qb6 18. Nd4 Qb2 19. Rd1 Qxa3 20. Bd3 Qc5
21. Nb3 Qb6 22. Qf2 Qb4+ 23. Rd2 Bb5 24. O-O Bxd3 25. Rxd3 Nf5 26. Nd4 Nxd4 27.
Rxd4 Qc5 28. Rd2 Ke7 29. f5 Rg5 30. Qxc5+ 1/2-1/2

[Event "XII C.to Europeo a squadre Seniores"]
[Site "Dresda GER"]
[Date "2010.02.13"]
[Round "4.4"]
[White "Kahn, Peter"]
[Black "Laco, Giuseppe"]
[Result "0-1"]
[WhiteElo "2075"]
[BlackElo "2080"]
[Annotator "ITA-USV Dresden"]
[PlyCount "100"]
[EventDate "2010.02.10"]

1. e4 c5 2. c3 e6 3. d4 d5 4. exd5 Qxd5 5. Nf3 cxd4 6. cxd4 Nf6 7. Nc3 Qd8 8.
Be2 Nc6 9. O-O Bd6 10. Bg5 h6 11. Bxf6 gxf6 12. d5 Ne5 13. Bb5+ Kf8 14. dxe6
Bxe6 15. Ne4 Be7 16. Nxe5 fxe5 17. Qxd8+ Rxd8 18. Rfd1 Kg7 19. Kf1 f5 20. Nc3
a6 21. Be2 b5 22. a3 Kg6 23. g3 h5 24. h4 Bb3 25. Rxd8 Rxd8 26. Bd1 Be6 27. Rc1
Bf6 28. Ke1 Rc8 29. Kd2 Be7 30. Ke1 b4 31. axb4 Bxb4 32. Ba4 Bc4 33. Rd1 e4 34.
Kd2 Rd8+ 35. Kc1 Bd3 36. Rd2 Rc8 37. Rxd3 exd3 38. Kd2 Rd8 39. Bb3 Rd4 40. Be6
Kf6 41. Bc8 Rd6 42. Bb7 Ke5 43. Bf3 Kd4 44. Bxh5 Rc6 45. g4 fxg4 46. Bxg4 Bxc3+
47. bxc3+ Rxc3 48. Bf5 Rc2+ 49. Ke1 Re2+ 50. Kf1 Re5 0-1

[Event "XII C.to Europeo a squadre Seniores"]
[Site "Dresda GER"]
[Date "2010.02.14"]
[Round "5.2"]
[White "Micheli, Carlo"]
[Black "Turikov, Viktor"]
[Result "1-0"]
[WhiteElo "2293"]
[BlackElo "2345"]
[Annotator "ITA-St Petersburg"]
[PlyCount "56"]
[EventDate "2010.02.10"]

1. c4 Nf6 2. Nc3 e5 3. Nf3 d6 4. g3 g6 5. Bg2 Bg7 6. O-O O-O 7. d3 Re8 8. e4 c6
9. b4 Nbd7 10. a4 d5 11. cxd5 cxd5 12. Qb3 d4 13. Ne2 a5 14. Ba3 h6 15. Nd2
axb4 16. Bxb4 b6 17. Rfc1 Bf8 18. Bxf8 Rxf8 19. Nc4 Nc5 20. Qb1 Bg4 21. f4 Be6
22. Nxb6 Nxd3 23. Rc6 Qe8 24. Rxe6 Qxe6 25. Nxa8 Nc5 26. Nc7 Qc6 27. Nb5 Ra8
28. Nc1 Nfd7 1-0

[Event "XII C.to Europeo a squadre Seniores"]
[Site "Dresda GER"]
[Date "2010.02.14"]
[Round "5.3"]
[White "Karasev, Vladimir I."]
[Black "Rosino, Antonio"]
[Result "1-0"]
[WhiteElo "2336"]
[BlackElo "2245"]
[Annotator "ITA-St Petersburg"]
[PlyCount "56"]
[EventDate "2010.02.10"]

1. d4 Nf6 2. c4 g6 3. Nc3 d5 4. cxd5 Nxd5 5. Na4 Bg7 6. e4 Nb6 7. Nf3 Bg4 8.
Be3 Bxf3 9. gxf3 Nxa4 10. Qxa4+ c6 11. Rd1 O-O 12. h4 Nd7 13. h5 Qb6 14. hxg6
hxg6 15. Rd2 Rad8 16. Qa3 Rfe8 17. Bc4 a5 18. e5 e6 19. d5 Qb4 20. Qxb4 axb4
21. dxe6 Nxe5 22. Rxd8 Rxd8 23. exf7+ Nxf7 24. Rg1 Rd7 25. Be6 Re7 26. Rxg6 Kh8
27. f4 Nd8 28. Bb3 Bxb2 1-0

[Event "XII C.to Europeo a squadre Seniores"]
[Site "Dresda GER"]
[Date "2010.02.14"]
[Round "5.4"]
[White "Laco, Giuseppe"]
[Black "Dommes, Vladimir M."]
[Result "1/2-1/2"]
[WhiteElo "2080"]
[BlackElo "2297"]
[Annotator "ITA-St Petersburg"]
[PlyCount "137"]
[EventDate "2010.02.10"]

1. c4 Nf6 2. b4 d5 3. e3 e5 4. cxd5 Nxd5 5. a3 c5 6. b5 Bd6 7. Bb2 O-O 8. Qc2
Qe7 9. g3 b6 10. f3 Bb7 11. Nc3 Nf6 12. e4 Nbd7 13. Bc4 Rfd8 14. h4 Nf8 15. Nh3
h6 16. d3 Ne6 17. g4 Nh7 18. Qf2 Nd4 19. O-O-O g6 20. Kb1 a6 21. a4 axb5 22.
axb5 Kg7 23. f4 Kh8 24. f5 gxf5 25. gxf5 Rg8 26. Bc1 Nf6 27. Ng5 Rg7 28. Rdg1
Rag8 29. Qa2 Rf8 30. Rh3 Ra8 31. Qh2 Rag8 32. Rhg3 Rf8 33. Qd2 Ng8 34. Qf2 Nf6
35. Nf3 Rxg3 36. Rxg3 Rg8 37. Ng5 Rg7 38. Nf3 Ng4 39. Qe1 Nxf3 40. Rxf3 Qf6 41.
Rh3 Rg8 42. Qe2 Qg7 43. Qa2 Ra8 44. Qe2 Nf6 45. Qe3 Ng4 46. Qf3 Nf6 47. Rg3 Qh7
48. Ne2 Rg8 49. Bb2 Rxg3 50. Nxg3 Qg7 51. Bc1 Kg8 52. Nh5 Nxh5 53. Qxh5 Bf8 54.
Bxh6 Qf6 55. Bg5 Qg7 56. f6 Qh7 57. Qxh7+ Kxh7 58. Bxf7 Bc8 59. Bc4 Kg6 60. Kc2
Bd6 61. Kd2 Bd7 62. f7 Bg4 63. Bd8 Kh5 64. Ke3 Bf8 65. Kf2 Bd1 66. Kg3 Bg4 67.
Bxb6 Be7 68. Bd8 Bf8 69. Bf6 1/2-1/2

[Event "XII C.to Europeo a squadre Seniores"]
[Site "Dresda GER"]
[Date "2010.02.15"]
[Round "6.1"]
[White "Tatai, Stefano"]
[Black "Westerinen, Heikki M.J."]
[Result "1/2-1/2"]
[WhiteElo "2348"]
[BlackElo "2333"]
[Annotator "ITA-FIN"]
[PlyCount "77"]
[EventDate "2010.02.10"]

1. e4 e5 2. Nf3 Nc6 3. Bb5 a6 4. Bxc6 dxc6 5. O-O Bd6 6. d4 exd4 7. Qxd4 f6 8.
Be3 Ne7 9. Nbd2 Be6 10. Nc4 Bxh2+ 11. Kxh2 Qxd4 12. Nxd4 Bxc4 13. Rfe1 O-O-O
14. Nf5 Nxf5 15. exf5 b6 16. b3 Bf7 17. f3 c5 18. Bf4 Rhe8 19. Kg3 a5 20. Kf2
g6 21. Rxe8 Rxe8 22. fxg6 Bxg6 23. Rc1 Kb7 24. Bd2 Kc6 25. Bc3 Re6 26. a3 c4
27. b4 axb4 28. axb4 Kb5 29. Bd2 Rc6 30. Bc3 Rd6 31. Ke2 c5 32. bxc5 Kxc5 33.
Bd2 b5 34. c3 Bd3+ 35. Kf2 Bg6 36. Ke2 Ra6 37. Rh1 Bd3+ 38. Kf2 Bg6 39. Ke2
1/2-1/2